The art and architecture of the ancient Orient /

محفوظ في:

المؤلف الرئيسي: Frankfort, Henri, 1897-1954 (مؤلف)

التنسيق: كتاب

اللغة: English

منشور في: Harmondsworth, England : Penguin Books, c1970.

الطبعة: Fourth revition edition.

سلاسل: The Pelican history of art ; PZ7.

الموضوعات:

الوسوم: إضافة وسم

لا توجد وسوم, كن أول من يضع وسما على هذه التسجيلة!

رقم الطلب: N5345 .F7 1970

LEADER 01386nam a2200385 4500
001 2512
003 OSt
005 20220404115021.0
008 130303s1970 enkab g b 001 0 eng d
952 |0 0  |1 0  |2 lcc  |4 0  |6 N5345 F7  |7 1  |9 3544  |a ARCE  |b ARCE  |d 2022-04-04  |l 0  |o N5345 .F7   |p 1006155  |r 2020-07-05 00:00:00  |w 2022-04-04  |y BK 
999 |c 6275  |d 6275 
010 |a 70128007 
015 |a B*** 
020 |a 0140561072 
040 |c ARCE Library 
043 |a aw----- 
050 0 4 |a N5345 .F7 1970 
100 1 |a Frankfort, Henri,  |d 1897-1954,  |e author 
245 1 4 |a The art and architecture of the ancient Orient /  |c Henri Frankfort. 
250 |a Fourth revition edition. 
264 1 |a Harmondsworth, England :  |b Penguin Books,  |c c1970. 
300 |a 456 pages :  |b illustrations, maps ;  |c 21 cm. 
336 |a text  |b txt  |2 rdacontent 
337 |a unmediated  |b n  |2 rdamedia 
338 |a volume  |b nc  |2 rdacarrier 
490 1 |a The Pelican history of art ;  |v PZ7. 
500 |a library also has 1995 edition 
504 |a Includes bibliographical references (pages [381]-436) and index. 
650 0 |a Art  |z Middle East. 
650 0 |a Art, Ancient  |z Middle East. 
830 4 |a The Pelican history of art ;  |v PZ7. 
901 |a reviewed 
907 |a .b23967183  |b 02-04-08  |c 01-30-08 
942 |c BK  |2 lcc 
945 |a N5345 .F7 1970  |g 1  |i mq187844  |l 1arce  |o z  |p $0.00  |q    |r    |s w  |t 0  |u 0  |v 0  |w 0  |x 0  |y .i31041413  |z 02-04-08